Thomas Ewing papers, (Record no. 42892)
[ view plain ]
| 000 -LEADER | |
|---|---|
| fixed length control field | 01282cpcaa2200301 4500 |
| 001 - CONTROL NUMBER | |
| control field | mm 80052506 |
| 003 - CONTROL NUMBER IDENTIFIER | |
| control field | DLC |
| 005 - DATE AND TIME OF LATEST TRANSACTION | |
| control field | 20260227111704.0 |
| 008 - FIXED-LENGTH DATA ELEMENTS--GENERAL INFORMATION | |
| fixed length control field | 801222|||||||||||| eng |
| 010 ## - LIBRARY OF CONGRESS CONTROL NUMBER | |
| LC control number | mm 80052506 |
| 040 ## - CATALOGING SOURCE | |
| Original cataloging agency | DLC |
| Transcribing agency | DLC |
| Description conventions | dacs |
| Modifying agency | DLC |
| 072 #7 - SUBJECT CATEGORY CODE | |
| Subject category code | N |
| Source | lcmd |
| 100 1# - MAIN ENTRY--PERSONAL NAME | |
| Personal name | Ewing, Thomas, |
| Dates associated with a name | 1789-1871. |
| 245 00 - TITLE STATEMENT | |
| Title | Thomas Ewing papers, |
| Inclusive dates | 1815-1872. |
| 300 ## - PHYSICAL DESCRIPTION | |
| Extent | 6 |
| Type of unit | microfilm reels. |
| 506 0# - RESTRICTIONS ON ACCESS NOTE | |
| Terms governing access | Open to research. |
| 520 8# - SUMMARY, ETC. | |
| Summary, etc. | Family and general correspondence, letterbooks, dockets and account books, speeches, financial papers, legal papers, and clippings. |
| 530 ## - ADDITIONAL PHYSICAL FORM AVAILABLE NOTE | |
| Additional physical form available note | Microfilm edition only, |
| Order number | no. 13,952. |
| 533 ## - REPRODUCTION NOTE | |
| Type of reproduction | Microfilm of originals in the University of Notre Dame Archives (South Bend, Ind.). |
| 535 1# - LOCATION OF ORIGINALS/DUPLICATES NOTE | |
| Custodian | Indiana: University of Notre Dame Archives, South Bend |
| 545 0# - BIOGRAPHICAL OR HISTORICAL DATA | |
| Biographical or historical data | Lawyer, U.S. senator from Ohio, U.S. secretary of the treasury, and of the interior. |
| 555 8# - CUMULATIVE INDEX/FINDING AIDS NOTE | |
| Cumulative index/finding aids note | Finding aid available in the Library of Congress Manuscript Reading Room. |
| 656 #7 - INDEX TERM--OCCUPATION | |
| Occupation | Cabinet officers. |
| Source of term | itoamc |
| 656 #7 - INDEX TERM--OCCUPATION | |
| Occupation | Lawyers. |
| Source of term | itoamc |
| 656 #7 - INDEX TERM--OCCUPATION | |
| Occupation | Senators, U.S. Congress |
| Geographic subdivision | Ohio. |
| Source of term | itoamc |
No items available.